Algorithms in Java -(E-BOOK) (Record no. 191378)
[ view plain ]
| 000 -LEADER | |
|---|---|
| fixed length control field | 00653 a2200217 4500 |
| 003 - CONTROL NUMBER IDENTIFIER | |
| control field | Nust |
| 005 - DATE AND TIME OF LATEST TRANSACTION | |
| control field | 20170207154015.0 |
| 010 ## - LIBRARY OF CONGRESS CONTROL NUMBER | |
| LC control number | 98025050 |
| 020 ## - INTERNATIONAL STANDARD BOOK NUMBER | |
| International Standard Book Number | 0201361205 |
| 040 ## - CATALOGING SOURCE | |
| Transcribing agency | Nust |
| 082 00 - DEWEY DECIMAL CLASSIFICATION NUMBER | |
| Classification number | 005.4 |
| 100 1# - MAIN ENTRY--PERSONAL NAME | |
| Personal name | Sedgewick, Robert, |
| 245 10 - TITLE STATEMENT | |
| Title | Algorithms in Java -(E-BOOK) |
| Statement of responsibility, etc. | Robert Sedgewick. |
| 250 ## - EDITION STATEMENT | |
| Edition statement | 3rd ed. |
| 260 ## - PUBLICATION, DISTRIBUTION, ETC. | |
| Place of publication, distribution, etc. | Boston : |
| Name of publisher, distributor, etc. | Addison-Wesley, |
| Date of publication, distribution, etc. | c2003-<2004> |
| 300 ## - PHYSICAL DESCRIPTION | |
| Extent | v. <1-2 > : |
| Other physical details | ill. ; |
| Dimensions | 24 cm. |
| 505 1# - FORMATTED CONTENTS NOTE | |
| Formatted contents note | [v. 1]. Parts 1-4: fundamentals, data structures, sorting, searching -- [v. 2]. Part 5: graph algorithms -- |
| 650 #0 - SUBJECT ADDED ENTRY--TOPICAL TERM | |
| Topical term or geographic name entry element | Computer algorithms. |
| 650 #0 - SUBJECT ADDED ENTRY--TOPICAL TERM | |
| Topical term or geographic name entry element | Java (Computer program language) |
| 651 ## - SUBJECT ADDED ENTRY--GEOGRAPHIC NAME | |
| Geographic name | E-BOOK |
| 942 ## - ADDED ENTRY ELEMENTS (KOHA) | |
| Source of classification or shelving scheme | |
| Koha item type | Book |
| Withdrawn status | Lost status | Source of classification or shelving scheme | Damaged status | Not for loan | Collection code | Permanent Location | Current Location | Date acquired | Total Checkouts | Full call number | Barcode | Date last seen | Price effective from | Koha item type |
|---|---|---|---|---|---|---|---|---|---|---|---|---|---|---|
| Military College of Signals (MCS) | Military College of Signals (MCS) | 12/12/2016 | 519.4 SED | MCSEB-828 | 12/08/2016 | 12/12/2016 | Book |
